书目信息 |
| 题名: |
中国书法
|
|
| 作者: | 沃兴华 著 | |
| 分册: | ||
| 出版信息: | 上海 上海古籍出版社 1995.08 |
|
| 页数: | 139页 | |
| 开本: | 32开 | |
| 丛书名: | ||
| 单 册: | ||
| 中图分类: | J292-09 | |
| 科图分类: | ||
| 主题词: | 书法--中国 , 篆刻--中国 | |
| 电子资源: | ||
| ISBN: | 7-5325-1880-9 | |
| 000 | 00554nam0 2200205 45 | |
| 001 | 0012200996 | |
| 005 | 20001220091835.0 | |
| 010 | @a7-5325-1880-9@d7.60元 | |
| 100 | @a20001220d1995 km y0chiy0120 ea | |
| 101 | 0 | @achi |
| 105 | @a z 000yy | |
| 200 | 1 | @a中国书法@AZhong Guo Shu Fa@f沃兴华著@FWo Xing Hua Zhu |
| 210 | @a上海@c上海古籍出版社@d1995.08 | |
| 215 | @a139页@d32开 | |
| 606 | 0 | @a书法@x中国 |
| 606 | 0 | @a篆刻@x中国 |
| 690 | @aJ292-09@v3 | |
| 701 | 0 | @a沃兴华@4著 |
| 801 | @aCN@bPftUser@c20001220 | |
| 905 | @b310012-014@dJ292-09@eW334@f3 | |
| 中国书法/沃兴华著.-上海:上海古籍出版社,1995.08 |
| 139页;32开 |
| ISBN 7-5325-1880-9:7.60元 |
| ● |
| 相关链接 |
|
|
|
正题名:中国书法
索取号:J292-09/W334
 
预约/预借
| 序号 | 登录号 | 条形码 | 馆藏地/架位号 | 状态 | 备注 |
| 1 | 310012 | 203100125 | 社科库309/309社科库 78排4列3层/ [索取号:J292-09/W334] | 在馆 | |
| 2 | 310013 | 203100134 | 社科库309/309社科库 78排4列3层/ [索取号:J292-09/W334] | 在馆 | |
| 3 | 310014 | 203100143 | 社科库309/309社科库 78排4列3层/ [索取号:J292-09/W334] | 在馆 |